000 00479nam a2200205Ia 4500
005 20240823050304.0
008 240823s9999||||xx |||||||||||||| ||und||
020 _a978-81-2036-6784-8
041 _aENGLISH
082 _A620.11 P9
100 _aMishra R C
245 0 _aMechanical System Design
250 _a1st
260 _c2009
_b#VALUE!
500 _aYES
650 _aMechanical System Design
_bMechanical
700 _a Simant.
942 _cBK
999 _c216907
_d216907